Sportifs médaillés aux JO - Mort subite - Statistiques

Statistiques générales
  • Ce quiz a été pris 418 fois
  • Le résultat moyen est 8 sur 20
Answers on the Grid
Answers color-coded by a green-red scale on the quiz's grid according to % correct below.
Kylian Mbappé
Mike Tyson
Lewis Hamilton
Tom Brady
Conor McGregor
Tony Parker
Tiger Woods
Tadej Pogačar
Coco Gauff
Eugénie Le Sommer
Martin Fourcade
Stephen Curry
Usain Bolt
Rafael Nadal
Antoine Dupont
Nadia Comăneci
Venus Williams
Serena Williams
Laure Manaudou
Simone Biles
Clarisse Agbegnenou
Victor Wembanyama
Gabby Williams
Rayan Cherki
Jeannie Longo
Magnus Carlsen
Michael Phelps
Ma Long
Katarina Witt
Johannes Klaebo
 
Statistiques - réponses
Réponse % Correct
Usain Bolt
66%
Martin Fourcade
61%
Michael Phelps
61%
Antoine Dupont
60%
Laure Manaudou
59%
Simone Biles
58%
Stephen Curry
53%
Clarisse Agbegnenou
52%
Rafael Nadal
46%
Johannes Klaebo
42%
Victor Wembanyama
40%
Serena Williams
34%
Nadia Comăneci
30%
Venus Williams
24%
Rayan Cherki
22%
Tadej Pogačar
22%
Jeannie Longo
20%
Ma Long
20%
Gabby Williams
17%
Katarina Witt
12%
Aucun quiz correspondant
Distribution des résultats
% des personnes avec chaque résultat
Percentile par nombre de réponses
Votre historique - résultats
Vous n’avez pas pris ce quiz